|
|
|
|
| LEADER |
00000cam a2200000 4500 |
| 001 |
vtls012063704 |
| 003 |
SK-MaSNL |
| 005 |
20260302084436.0 |
| 008 |
210728s2019 xxk f n 001 0 eng |
| 015 |
|
|
|a SNBZSA2023/08
|
| 020 |
|
|
|a 9781527527096
|q (viazané)
|
| 040 |
|
|
|a SNK
|b slo
|c SNK
|e rda
|
| 041 |
0 |
|
|a eng
|
| 044 |
|
|
|a xxk
|c GB
|
| 072 |
|
7 |
|a 821.111.09
|x Anglická literatúra, anglicky písaná (o nej)
|2 konspekt
|
| 072 |
|
7 |
|a 82-9
|x Literárna kritika, vecná literatúra a rôzne ďalšie žánre
|2 konspekt
|
| 080 |
|
|
|a 821.111
|2 2011
|
| 080 |
|
|
|a 82-95
|2 2011
|
| 080 |
|
|
|a 82.07
|2 2011
|
| 080 |
|
|
|a (048.8)
|2 2011
|
| 080 |
|
|
|a (082)
|2 2011
|
| 245 |
0 |
0 |
|a Postmillennial trends in Anglophone literatures, cultures and media
|c edited by Soňa Šnircová and Slávka Tomaščíková
|
| 250 |
|
|
|a first published
|
| 264 |
|
1 |
|a Newcastle upon Tyne
|b Cambridge Scholars Publishing
|c 2019
|
| 300 |
|
|
|a vii, 345 strán
|c 22 cm
|
| 336 |
|
|
|a text
|b txt
|2 rdacontent
|
| 337 |
|
|
|a bez média
|b n
|2 rdamedia
|
| 338 |
|
|
|a zväzok
|b nc
|2 rdacarrier
|
| 500 |
|
|
|a Obsahuje profesijné údaje o prispievateľoch
|
| 504 |
|
|
|a Obsahuje bibliografiu za jednotlivými kapitolami a register
|
| 650 |
0 |
7 |
|a anglická literatúra
|2 SNKPH
|9 1295
|
| 650 |
0 |
7 |
|a English literature
|2 SNKPHeng
|9 282494
|
| 650 |
0 |
7 |
|a literárna kritika
|2 SNKPH
|9 1138
|
| 650 |
0 |
7 |
|a Literary criticism
|2 SNKPHeng
|9 265138
|
| 650 |
0 |
7 |
|a interpretácia literárneho diela
|2 SNKPH
|9 64731
|
| 650 |
0 |
7 |
|a Interpretation and reception of literature
|2 SNKPHeng
|9 285463
|
| 655 |
|
7 |
|a štúdie
|2 SNKPH
|9 57033
|
| 655 |
|
7 |
|a zborníky
|2 SNKPH
|9 70165
|
| 655 |
|
7 |
|a Studies
|2 SNKPHeng
|9 265573
|
| 655 |
|
7 |
|a Papers of several authors
|2 SNKPHeng
|9 153738
|
| 700 |
1 |
|
|a Šnircová, Soňa,
|d 1968-
|4 edt
|9 753615
|
| 700 |
1 |
|
|a Tomaščíková, Slávka,
|d 1971-
|4 edt
|9 253857
|
| 852 |
|
|
|a Slovenská národná knižnica
|
| 919 |
|
|
|a 978-1-5275-2709-6
|
| 954 |
|
|
|a odborná, vedecká literatúra pôvodná (slovenská)
|2 lita
|
| 954 |
|
|
|a odborná, vedecká literatúra cudzojazyčná (svetová)
|2 lita
|
| 958 |
|
|
|a ZS
|
| 958 |
|
|
|a NB
|
| 999 |
|
|
|c 1187933
|d 1189863
|
| 952 |
|
|
|a SNK
|b SNK
|y PREZ
|7 0
|p 17A1451515
|o snkSC 197197
|i snk2022/6398
|8 4
|g 95.12
|0 0
|1 0
|4 0
|d 2021-07-28
|l 0
|r 2025-10-16 00:00:00
|w 2026-02-24
|